The most children country - Statistics

General Stats
  • This quiz has been taken 14 times
  • The average score is 13 of 20
Answer Stats
Number of g children
per one woman
Answer % Correct
5.7 DR Congo
91%
5.63 Mali
82%
6.91 Niger
82%
4.67 Nigeria
82%
5.45 Uganda
82%
5.57 Chad
73%
5.41 Somalia
73%
5.47 Benin
64%
5.1 Burundi
64%
4.61 Cameroon
64%
4.58 Sierra Leone
64%
5.43 South Sudan
64%
4.63 Zambia
64%
5.9 Angola
55%
4.89 Guinea
55%
4.72 Guinea-Bissau
55%
4.84 Liberia
55%
4.89 Mozambique
55%
4.66 Sudan
55%
4.72 Afghanistan
45%
No matching quizzes found
Score Distribution
Percent of People with Each Score
Percentile by Number Answered
Your Score History
You have not taken this quiz